000 00360nam a2200157Ia 4500
003 OSt
005 20240113115113.0
008 170524s9999 xx 000 0 und d
020 _a9780195685695
040 _ciimtu
100 _aUicker John
245 0 _aTheory of machines and mechanisms
260 _bOxford University
260 _c2008
942 _2ddc
_c02
999 _c5532
_d5532